000 00467nam a2200145Ia 4500
008 240729s9999 xx 000 0 und d
022 _a2162-3309
245 0 _aJournal of Librarianship and Scholarly Communication
260 _aUnited States
260 _bIowa State University Digital Press
650 _aBibliography. Library science. Information resources
856 _uhttps://doaj.org/toc/810b6408a7e046a7b3d3fc4f52e2a20a
942 _2ddc
942 _cDOAJEJ
999 _c68949
_d68949
945 _a1
_bMadushi Gamage
_c1
_dMadushi Gamage